1197 1798 1896 1555 1054 1126 1265 1948 1744 1646 1963 1722 1362 1541 1023 1491 1602 1537 1688 1269 1346 1798 1508 1584 1123 1046 1236 1568 2000 1957 1050 1243 1736 1149 1872 1164 1815 1829 1707 1576 1643 1917 1389 1478 1592 1412 1882 1295 1435 1039 1864 1524 1166 1002 1766 1704 1199 1288 1104 1979 1200 1339 1046 1699 1079 1789 1943 1622 1665 1984 1202 1840 1308 1992 1894 1108 1360 1174 1083 1888 1612 1106 1989 1664 1352 1084 1335 1957 1051 1055 1918 1037 1613 1683 1085 1859 1247 1251 1693 BCNSPRNW ULIB Ver.6.0+V

เปลี่ยนเป็นภาษาไทย

Change to English
 แสดงรายละเอียดบรรณานุกรม
  กลับหน้าหลัก

Brief Record : Get Marc (ISO 2709) : E-mail record : QR code < ปิดหน้าต่าง
LEADER : 00000nam 2200000uu 4500
001    13399113105
003     ULIB
008    110927s2550||||th 000 0 tha d
020    9789748478616
050 04 PN3355^bพ924ร 2550
245 00 โรงเรียนนักเขียน /^cเพลินตา, รวบรวมและเรียบเรียง
250    พิมพ์ครั้งที่ 7 (ฉบับสมบูรณ์ ปรับปรุงแก้ไขใหม่)
260    นนทบุรี :^bบ้านหนังสือ,^c2550
300    254 หน้า ;^c19 ซม
505 2  โครงเรื่อง -- ลักษณะตัวละคร -- ฉาก -- มุมมอง --แบบวิธีการเขียนและน้ำเสียงในงานเขียน -- การเดินเรื่อง -- แก่นเรื่อง --องค์ประกอบของการเป็นนักเขียน -- สิบวิธีในการเริ่มต้นงานเขียน -- จะเป็นนักเขียน : จะต้องมีคุณสมบัติอะไร? -- การเริ่มเรื่อง -- การสร้างเรื่องจากตัวละคร -- จากตัวละครสู่โครงเรื่อง -- การตั้งชื่อเรื่อง -- การเตรียมต้นฉบับ
650  7 การแต่งนวนิยาย
650  7 นวนิยาย
650  7 นักประพันธ์
650  7 การเขียนหนังสือ
700 0  เพลินตา
945    ^p175^l0^i027695
995    ทศพร
999 ^a ทศพร
รายการนี้ยังไม่มีแท็ก
คุณยังไม่ได้ล็อกอิน คุณสามารถมีกิจกรรมร่วมกับเว็บไซต์ได้ แต่ต้องล็อกอินก่อน ::
  ล็อกอิน

รายการสื่อสารสนเทศ

ลำดับที่ ประเภท เลขเรียก/บาร์โค้ด สถานที่ สถานะ
- ไม่พบข้อมูล -

รายการใกล้เคียง
    หัวเรื่อง [การแต่งนวนิยาย]
    หัวเรื่อง [นวนิยาย]
    หัวเรื่อง [นักประพันธ์]
    หัวเรื่อง [การเขียนหนังสือ]

BibComment


ยังไม่เคยถูกคอมเมนท์

คอมเมนท์ทรัพยากรรายการนี้
  คอมเมนท์: โรงเรียนนักเขียน ..


 Copyright 2026. Bcnsprnw @Library